مكتبة جامعة عجلون الوطنية

فهرس بحث المكتبة

Normal view MARC view
  • فقه اسلامي- عقوبات

Entry Topical Term

Number of records used in: 1

001 - CONTROL NUMBER

  • control field: 10939

003 - CONTROL NUMBER IDENTIFIER

  • control field: JO-AjAnu

005 - DATE AND TIME OF LATEST TRANSACTION

  • control field: 20230606072045.0

008 - FIXED-LENGTH DATA ELEMENTS

  • fixed length control field: 230606|| aca||aabn | a|a d

040 ## - CATALOGING SOURCE

  • Original cataloging agency: JO-AjAnu
  • Transcribing agency: JO-AjAnu

150 ## - HEADING--TOPICAL TERM

  • Topical term or geographic name entry element: فقه اسلامي- عقوبات

670 ## - SOURCE DATA FOUND

  • Source citation: Work cat.: (JO-AjAnu)5633: المدني،محمد جميل, author 10938, سلسلة بحوث فقهية مقارنة بالشريعة الإسلامية والقوانين الوضعية والأعراف العشائرية، ج1